The essays

Uloženo v:
Podrobná bibliografie
Hlavní autor: Montaigne, Michel de (autor)
Médium: Kniha
Jazyk:angličtina
Vydáno: Chicago Encyclopaedia Britannica 1952
Edice:Great Books of the Western World, 25
Témata:
Tagy: Přidat tag
Žádné tagy, Buďte první, kdo vytvoří štítek k tomuto záznamu!

MARC

LEADER 00000nam a2200000 a 4500
001 UCM8118
003 CL-VaPUC
008 030124e19520000US |||||||||||||||||eng|d
082 0 4 |a 844  |b MON  |2 21 
100 |a Montaigne, Michel de  |e autor  |9 346836 
245 1 4 |a The essays 
300 |a 543 p 
942 |c BK 
945 |d 20030124 00:00:00  |a cmena 
260 |a Chicago  |b Encyclopaedia Britannica  |c 1952 
650 0 |a Ensayos franceses  |9 265511 
650 0 |a Literatura francesa  |9 266330 
583 |a last modification  |c 20030124 00:00:00  |k Rodrigo Vera 
490 0 |a Great Books of the Western World, 25 
999 |c 302715  |d 302713 
952 |0 0  |1 0  |4 0  |6 844_000000000000000_MON_1952  |7 0  |8 A  |9 363428  |a BIBEDU  |b BIBEDU  |d 2019-11-21  |i 387852K  |o 844 MON 1952  |p 387852K  |r 2019-11-21  |w 2019-11-21  |y BK  |k LIT